Visión global de la educación de adultos en El Salvador: antecedentes, situación actual y tendencias /
Gardado en:
| Autor Principal: | |
|---|---|
| Formato: | Libro |
| Idioma: | Spanish |
| Etiquetas: |
Engadir etiqueta
Sen Etiquetas, Sexa o primeiro en etiquetar este rexistro!
|
MARC
| LEADER | 00000nam a22000007a 4500 | ||
|---|---|---|---|
| 003 | cru CIDCACS/IIS | ||
| 005 | 20200925161146.0 | ||
| 007 | ta | ||
| 008 | 161123t1993 mx ||||| |||| 00| 0 spa d | ||
| 040 | |c CRAI/IIS |a CRAI/IIS | ||
| 100 | 1 | |9 650 |a Arteaga, Juan Carlos | |
| 245 | |a Visión global de la educación de adultos en El Salvador: |b antecedentes, situación actual y tendencias / |c Juan Carlos Arteaga | ||
| 300 | |a páginas 27-31 | ||
| 773 | 0 | |0 18745 |9 162 |a OEA. |d México OEA ; CREPAL |o R16591 |t Revista Interamericana de Educación de Adultos/ | |
| 942 | |2 ddc |c LI | ||
| 999 | |c 18763 |d 18763 | ||
